[Event "Provincial-ch Elche Preferente"]
[Site "Valencia"]
[Date "2011.10.01"]
[Round "1"]
[White "Balaguer Cuinas, Pedro"]
[Black "Erades Berenguer, Ana"]
[Result "1-0"]
[WhiteElo "1995"]
[BlackElo "1415"]
[PlyCount "47"]
[EventDate "2011.10.01"]
[EventType "swiss"]
[EventRounds "7"]
[EventCountry "ESP"]
[SourceTitle "EXT 2024"]
[Source "ChessBase"]
[SourceDate "2023.10.10"]
[SourceVersion "1"]
[SourceVersionDate "2023.10.10"]
[SourceQuality "1"]

1. Nf3 Nf6 2. g3 g6 3. Bg2 Bg7 4. 0-0 0-0 5. c4 c5 6. Nc3 Nc6 7. d3 e5 8. Rb1 Re8 9. a3 d5 10. Bg5 d4 11. Ne4 b6 12. Nxd4 Nxd4 13. e3 Bg4 14. Nxf6+ Bxf6 15. Qxg4 Bxg5 16. exd4 Rc8 17. d5 f5 18. Qd1 Qd7 19. Re1 b5 20. Qc2 a5 21. cxb5 Qxb5 22. Qc4 Qb6 23. d6+ Kg7 24. d7 1-0